Statistics for 日本の主要四島

Click here to take the quiz!

General Stats

  • This quiz has been taken 191 times
  • The average score is 4 of 4

Answers on the Map

Answers color-coded by a green-red scale on the quiz's map according to % correct below.
 

Answer Stats

km2% Correct
83,453北海道
98%
227,962本州
97%
35,640九州
96%
18,800四国
94%

Score Distribution

Percentile by Number Answered

Percent of People with Each Score

Your Score History

You have not taken this quiz